000 00789nam a2200265Ia 4500
003 OSt
005 20220918163751.0
006 a|||||r|||| 00| 0
007 ta
008 220917b |||||||| |||| 00| 0 eng d
020 _a0262740206 (pbk)
024 _a190,743
037 _cTextual
040 _aARTS
_cARTS
_beng
041 _2eng
_aeng
082 _aU47.1, N7
100 _aYoung Oran R. Ed.
_915208
245 0 _aGlobal governance
_b drawing insights from the environmental experience
260 _aCambridge
_bThe MIT Press
_c1997
300 _avi;364p.
_ccm.
490 _aGlobal environmental accords : strategies for sustainability
650 _aHUMAN GEOGRAPHY
_91464
942 _hU47.1, N7
_cTEXL
_2CC
999 _c121369
_d121369